[Event "DVM U20 2023"]
[Site "Magdeburg GER"]
[Date "2023.12.28"]
[Round "4"]
[White "Böhmer, Kimon"]
[Black "Haug, Mara"]
[Result "1-0"]
[Termination "normal"]
[Board "5.5"]
[WhiteElo "1784"]
[BlackElo "1691"]
[WhiteClock "00:17:26"]
[BlackClock "00:06:48"]
[WhiteTeam "SV Königsjäger Süd-West"]
[BlackTeam "Karlsruher SF 1853"]
[PlyCount "89"]
[WhiteFideId "16281365"]
[BlackFideId "16259300"]
[EventCountry "GER"]
[EventRounds "7"]
[EventType "team-swiss"]
[EventDate "2023.12.26"]

1. d4 {[%clk 01:30:57]} {[%emt 00:00:04]} Nf6 {[%clk 01:30:53]} {[%emt
00:00:06]} 2. c4 {[%clk 01:31:22]} {[%emt 00:00:05]} c5 {[%clk 01:31:18]}
{[%emt 00:00:05]} 3. d5 {[%clk 01:31:48]} {[%emt 00:00:04]} b5 {[%clk
01:31:43]} {[%emt 00:00:06]} 4. cxb5 {[%clk 01:32:12]} {[%emt 00:00:05]} a6
{[%clk 01:32:09]} {[%emt 00:00:04]} 5. Nc3 {[%clk 01:32:36]} {[%emt 00:00:05]}
g6 {[%clk 01:32:15]} {[%emt 00:00:25]} 6. e4 {[%clk 01:32:58]} {[%emt
00:00:08]} d6 {[%clk 01:31:23]} {[%emt 00:01:23]} 7. Nf3 {[%clk 01:32:11]}
{[%emt 00:01:16]} Bg7 {[%clk 01:31:30]} {[%emt 00:00:23]} 8. a4 {[%clk
01:30:07]} {[%emt 00:02:35]} O-O {[%clk 01:29:40]} {[%emt 00:02:19]} 9. h3
{[%clk 01:26:00]} {[%emt 00:04:37]} Qa5 {[%clk 01:25:43]} {[%emt 00:04:27]} 10.
Bd2 {[%clk 01:18:02]} {[%emt 00:08:27]} Nbd7 {[%clk 01:17:27]} {[%emt
00:08:49]} 11. bxa6 {[%clk 01:10:00]} {[%emt 00:08:32]} Bxa6 {[%clk 01:16:03]}
{[%emt 00:01:54]} 12. Nb5 {[%clk 01:03:33]} {[%emt 00:06:55]} Qb6 {[%clk
01:10:28]} {[%emt 00:06:04]} 13. Bd3 {[%clk 00:42:21]} {[%emt 00:21:46]} Qb7
{[%clk 00:59:30]} {[%emt 00:11:26]} 14. Qe2 {[%clk 00:39:40]} {[%emt 00:03:12]}
Nb6 {[%clk 00:49:30]} {[%emt 00:10:29]} 15. Nc3 {[%clk 00:29:55]} {[%emt
00:10:15]} Nh5 {[%clk 00:40:33]} {[%emt 00:09:27]} 16. g4 {[%clk 00:26:59]}
{[%emt 00:03:27]} Nf6 {[%clk 00:41:33]} {[%emt 00:02:32]} 17. O-O {[%clk
00:24:40]} {[%emt 00:00:46]} Bxd3 {[%clk 00:33:36]} {[%emt 00:08:27]} 18. Qxd3
{[%clk 00:25:03]} {[%emt 00:00:07]} Rfc8 {[%clk 00:32:28]} {[%emt 00:01:37]}
19. Rfb1 {[%clk 00:20:49]} {[%emt 00:04:46]} c4 {[%clk 00:29:14]} {[%emt
00:03:44]} 20. Qe3 {[%clk 00:18:16]} {[%emt 00:03:03]} Nbd7 {[%clk 00:28:21]}
{[%emt 00:01:21]} 21. Nd4 {[%clk 00:15:38]} {[%emt 00:03:09]} Ne5 {[%clk
00:25:41]} {[%emt 00:03:09]} 22. Ncb5 {[%clk 00:13:49]} {[%emt 00:02:20]} Nfd7
{[%clk 00:22:43]} {[%emt 00:03:26]} 23. f4 {[%clk 00:11:38]} {[%emt 00:02:44]}
Nd3 {[%clk 00:21:43]} {[%emt 00:01:30]} 24. b4 {[%clk 00:11:54]} {[%emt
00:00:14]} Qb6 {[%clk 00:15:50]} {[%emt 00:06:21]} 25. Bc3 {[%clk 00:10:34]}
{[%emt 00:01:52]} e5 {[%clk 00:12:58]} {[%emt 00:03:22]} 26. dxe6 {[%clk
00:10:13]} {[%emt 00:00:50]} fxe6 {[%clk 00:13:26]} {[%emt 00:00:02]} 27. a5
{[%clk 00:09:57]} {[%emt 00:00:47]} Qa6 {[%clk 00:12:53]} {[%emt 00:01:02]} 28.
Na3 {[%clk 00:08:24]} {[%emt 00:02:04]} e5 {[%clk 00:11:06]} {[%emt 00:02:17]}
29. fxe5 {[%clk 00:07:35]} {[%emt 00:01:19]} N7xe5 {[%clk 00:11:23]} {[%emt
00:00:11]} 30. b5 {[%clk 00:06:50]} {[%emt 00:01:17]} Qb7 {[%clk 00:10:37]}
{[%emt 00:01:14]} 31. Ne6 {[%clk 00:05:13]} {[%emt 00:02:09]} Nf3+ {[%clk
00:08:13]} {[%emt 00:02:53]} 32. Qxf3 {[%clk 00:05:36]} {[%emt 00:00:08]} Bxc3
{[%clk 00:08:36]} {[%emt 00:00:07]} 33. a6 {[%clk 00:03:40]} {[%emt 00:02:26]}
Qb6+ {[%clk 00:08:44]} {[%emt 00:00:20]} 34. Kh1 {[%clk 00:04:08]} {[%emt
00:00:03]} Bxa1 {[%clk 00:08:02]} {[%emt 00:01:13]} 35. Rxa1 {[%clk 00:04:32]}
{[%emt 00:00:06]} Ne5 {[%clk 00:06:00]} {[%emt 00:02:31]} 36. Qf6 {[%clk
00:04:08]} {[%emt 00:00:56]} Ra7 {[%clk 00:05:56]} {[%emt 00:00:33]} 37. Ng5
{[%clk 00:03:26]} {[%emt 00:01:13]} Rf8 {[%clk 00:03:03]} {[%emt 00:03:23]} 38.
Qe6+ {[%clk 00:03:52]} {[%emt 00:00:04]} Kh8 {[%clk 00:03:25]} {[%emt
00:00:07]} 39. Nxc4 {[%clk 00:01:33]} {[%emt 00:02:51]} Nxc4 {[%clk 00:03:18]}
{[%emt 00:00:36]} 40. Qxc4 {[%clk 00:01:46]} {[%emt 00:00:17]} Qe3 {[%clk
00:02:20]} {[%emt 00:01:26]} 41. Rf1 {[%clk 00:00:56]} {[%emt 00:01:22]} Rfa8
{[%clk 00:18:29]} {[%emt 00:14:18]} 42. Qc1 {[%clk 00:20:28]} {[%emt 00:11:02]}
Qxc1 {[%clk 00:12:45]} {[%emt 00:06:14]} 43. Rxc1 {[%clk 00:20:50]} {[%emt
00:00:08]} Rb8 {[%clk 00:13:01]} {[%emt 00:00:12]} 44. Ne6 {[%clk 00:19:41]}
{[%emt 00:01:41]} Re7 {[%clk 00:06:48]} {[%emt 00:06:42]} 45. Nc7 {[%clk
00:17:26]} {[%emt 00:02:47]} *

[Event "DVM U20 2023"]
[Site "Magdeburg GER"]
[Date "2023.12.28"]
[Round "4"]
[White "Scheifel, Maximilian"]
[Black "Liu, Jonas"]
[Result "0-1"]
[Termination "normal"]
[Board "5.6"]
[WhiteElo "1760"]
[BlackElo "1761"]
[WhiteClock "00:01:13"]
[BlackClock "00:07:40"]
[WhiteTeam "Karlsruher SF 1853"]
[BlackTeam "SV Königsjäger Süd-West"]
[PlyCount "68"]
[WhiteFideId "16279433"]
[BlackFideId "34633960"]
[EventCountry "GER"]
[EventRounds "7"]
[EventType "team-swiss"]
[EventDate "2023.12.26"]

1. e4 {[%clk 01:30:52]} {[%emt 00:00:07]} c6 {[%clk 01:30:52]} {[%emt
00:00:07]} 2. d4 {[%clk 01:29:08]} {[%emt 00:02:14]} d5 {[%clk 01:31:15]}
{[%emt 00:00:07]} 3. exd5 {[%clk 01:29:15]} {[%emt 00:00:23]} cxd5 {[%clk
01:31:40]} {[%emt 00:00:06]} 4. Bd3 {[%clk 01:29:36]} {[%emt 00:00:08]} Nc6
{[%clk 01:32:06]} {[%emt 00:00:05]} 5. c3 {[%clk 01:29:57]} {[%emt 00:00:08]}
Qc7 {[%clk 01:32:31]} {[%emt 00:00:05]} 6. Ne2 {[%clk 01:29:11]} {[%emt
00:01:17]} Bg4 {[%clk 01:31:51]} {[%emt 00:01:09]} 7. Qb3 {[%clk 01:27:27]}
{[%emt 00:02:13]} Bxe2 {[%clk 01:26:47]} {[%emt 00:05:36]} 8. Bxe2 {[%clk
01:27:53]} {[%emt 00:00:04]} e6 {[%clk 01:26:11]} {[%emt 00:01:05]} 9. Nd2
{[%clk 01:26:36]} {[%emt 00:01:48]} Nf6 {[%clk 01:24:54]} {[%emt 00:01:48]} 10.
Nf3 {[%clk 01:26:04]} {[%emt 00:01:01]} Bd6 {[%clk 01:22:50]} {[%emt 00:02:34]}
11. O-O {[%clk 01:24:10]} {[%emt 00:02:23]} O-O {[%clk 01:22:38]} {[%emt
00:00:43]} 12. Re1 {[%clk 01:20:48]} {[%emt 00:03:51]} Rac8 {[%clk 01:19:25]}
{[%emt 00:03:44]} 13. Bd3 {[%clk 01:17:11]} {[%emt 00:04:06]} h6 {[%clk
01:14:02]} {[%emt 00:05:54]} 14. h3 {[%clk 01:04:53]} {[%emt 00:12:53]} Rfe8
{[%clk 01:08:19]} {[%emt 00:06:07]} 15. Qd1 {[%clk 01:02:02]} {[%emt 00:03:20]}
a6 {[%clk 00:59:37]} {[%emt 00:09:13]} 16. a4 {[%clk 01:00:54]} {[%emt
00:01:38]} e5 {[%clk 00:44:26]} {[%emt 00:15:41]} 17. dxe5 {[%clk 00:56:22]}
{[%emt 00:05:01]} Nxe5 {[%clk 00:44:40]} {[%emt 00:00:16]} 18. Nxe5 {[%clk
00:53:14]} {[%emt 00:03:38]} Bxe5 {[%clk 00:44:40]} {[%emt 00:00:31]} 19. Be3
{[%clk 00:51:39]} {[%emt 00:02:04]} Ne4 {[%clk 00:42:32]} {[%emt 00:02:38]} 20.
Kh1 {[%clk 00:40:54]} {[%emt 00:11:14]} Bf4 {[%clk 00:38:10]} {[%emt 00:04:53]}
21. Qf3 {[%clk 00:32:53]} {[%emt 00:08:31]} Bxe3 {[%clk 00:31:36]} {[%emt
00:07:05]} 22. Rxe3 {[%clk 00:32:25]} {[%emt 00:00:57]} Qb6 {[%clk 00:29:23]}
{[%emt 00:02:44]} 23. Bxe4 {[%clk 00:24:02]} {[%emt 00:08:52]} dxe4 {[%clk
00:28:48]} {[%emt 00:01:04]} 24. Qe2 {[%clk 00:24:23]} {[%emt 00:00:09]} Re6
{[%clk 00:27:10]} {[%emt 00:02:08]} 25. a5 {[%clk 00:21:30]} {[%emt 00:03:23]}
Qc6 {[%clk 00:26:29]} {[%emt 00:01:12]} 26. Rd1 {[%clk 00:21:24]} {[%emt
00:00:35]} Rce8 {[%clk 00:23:46]} {[%emt 00:03:12]} 27. Rd4 {[%clk 00:13:58]}
{[%emt 00:07:57]} f5 {[%clk 00:19:17]} {[%emt 00:05:00]} 28. Rg3 {[%clk
00:08:45]} {[%emt 00:05:43]} Qc7 {[%clk 00:13:38]} {[%emt 00:06:08]} 29. Rd5
{[%clk 00:05:56]} {[%emt 00:03:19]} Qf7 {[%clk 00:11:09]} {[%emt 00:02:59]} 30.
Qd2 {[%clk 00:04:24]} {[%emt 00:02:02]} f4 {[%clk 00:10:14]} {[%emt 00:01:25]}
31. Rg4 {[%clk 00:04:40]} {[%emt 00:00:14]} e3 {[%clk 00:10:14]} {[%emt
00:00:30]} 32. fxe3 {[%clk 00:04:03]} {[%emt 00:01:07]} fxe3 {[%clk 00:10:21]}
{[%emt 00:00:23]} 33. Qe1 {[%clk 00:03:55]} {[%emt 00:00:37]} e2 {[%clk
00:07:45]} {[%emt 00:03:06]} 34. Kh2 {[%clk 00:01:13]} {[%emt 00:03:13]} Rf6
{[%clk 00:07:40]} {[%emt 00:00:35]} 0-1

[Event "DVM U20 2023"]
[Site "Magdeburg GER"]
[Date "2023.12.28"]
[Round "4"]
[White "Leonard, Timo"]
[Black "Matthäi, Jakob"]
[Result "1-0"]
[Termination "normal"]
[Board "6.1"]
[WhiteElo "2170"]
[BlackElo "2076"]
[WhiteClock "00:18:32"]
[BlackClock "00:27:37"]
[WhiteTeam "SV Hemer 1932"]
[BlackTeam "USG Chemnitz"]
[PlyCount "101"]
[WhiteFideId "16208757"]
[BlackFideId "16240421"]
[EventCountry "GER"]
[EventRounds "7"]
[EventType "team-swiss"]
[EventDate "2023.12.26"]

1. d4 {[%clk 01:30:57]} {[%emt 00:00:03]} Nf6 {[%clk 01:30:55]} {[%emt
00:00:05]} 2. c4 {[%clk 01:31:21]} {[%emt 00:00:05]} e6 {[%clk 01:31:22]}
{[%emt 00:00:04]} 3. Nf3 {[%clk 01:31:48]} {[%emt 00:00:02]} Bb4+ {[%clk
01:31:46]} {[%emt 00:00:08]} 4. Bd2 {[%clk 01:32:08]} {[%emt 00:00:09]} c5
{[%clk 01:32:12]} {[%emt 00:00:05]} 5. Bxb4 {[%clk 01:30:32]} {[%emt 00:02:06]}
cxb4 {[%clk 01:32:38]} {[%emt 00:00:04]} 6. a3 {[%clk 01:30:24]} {[%emt
00:00:36]} bxa3 {[%clk 01:32:51]} {[%emt 00:00:17]} 7. Rxa3 {[%clk 01:30:43]}
{[%emt 00:00:12]} O-O {[%clk 01:32:16]} {[%emt 00:01:06]} 8. Nc3 {[%clk
01:26:32]} {[%emt 00:04:40]} d5 {[%clk 01:31:33]} {[%emt 00:01:13]} 9. cxd5
{[%clk 01:26:35]} {[%emt 00:00:26]} exd5 {[%clk 01:31:26]} {[%emt 00:00:38]}
10. e3 {[%clk 01:26:11]} {[%emt 00:00:54]} Nc6 {[%clk 01:28:55]} {[%emt
00:03:01]} 11. Be2 {[%clk 01:15:39]} {[%emt 00:11:01]} Be6 {[%clk 01:26:02]}
{[%emt 00:03:24]} 12. O-O {[%clk 01:13:36]} {[%emt 00:02:33]} Qe7 {[%clk
01:16:20]} {[%emt 00:10:12]} 13. Qb3 {[%clk 00:49:53]} {[%emt 00:24:12]} Rfd8
{[%clk 00:54:11]} {[%emt 00:22:40]} 14. Rc1 {[%clk 00:47:25]} {[%emt 00:02:58]}
Bg4 {[%clk 00:44:39]} {[%emt 00:10:04]} 15. h3 {[%clk 00:42:35]} {[%emt
00:05:20]} Be6 {[%clk 00:34:33]} {[%emt 00:10:36]} 16. Raa1 {[%clk 00:41:40]}
{[%emt 00:01:25]} Ne4 {[%clk 00:30:49]} {[%emt 00:04:13]} 17. Na4 {[%clk
00:33:10]} {[%emt 00:09:01]} Rac8 {[%clk 00:28:40]} {[%emt 00:02:39]} 18. Nc5
{[%clk 00:31:56]} {[%emt 00:01:44]} Nxc5 {[%clk 00:27:47]} {[%emt 00:01:23]}
19. Rxc5 {[%clk 00:31:30]} {[%emt 00:00:55]} b6 {[%clk 00:26:23]} {[%emt
00:01:55]} 20. Rcc1 {[%clk 00:30:55]} {[%emt 00:01:03]} Na5 {[%clk 00:25:53]}
{[%emt 00:01:02]} 21. Qb5 {[%clk 00:26:05]} {[%emt 00:05:20]} f6 {[%clk
00:20:37]} {[%emt 00:05:46]} 22. Nd2 {[%clk 00:23:32]} {[%emt 00:03:04]} Rxc1+
{[%clk 00:17:04]} {[%emt 00:04:03]} 23. Rxc1 {[%clk 00:23:55]} {[%emt
00:00:06]} Nb7 {[%clk 00:17:02]} {[%emt 00:00:33]} 24. Bf3 {[%clk 00:18:29]}
{[%emt 00:05:55]} Nd6 {[%clk 00:12:42]} {[%emt 00:04:51]} 25. Qb4 {[%clk
00:18:19]} {[%emt 00:00:40]} Qd7 {[%clk 00:12:07]} {[%emt 00:01:05]} 26. Be2
{[%clk 00:13:21]} {[%emt 00:05:28]} Rc8 {[%clk 00:11:36]} {[%emt 00:01:01]} 27.
Rxc8+ {[%clk 00:13:46]} {[%emt 00:00:05]} Nxc8 {[%clk 00:12:01]} {[%emt
00:00:04]} 28. Nb1 {[%clk 00:13:19]} {[%emt 00:00:58]} Qc7 {[%clk 00:08:27]}
{[%emt 00:04:03]} 29. Nc3 {[%clk 00:13:23]} {[%emt 00:00:27]} Ne7 {[%clk
00:08:24]} {[%emt 00:00:34]} 30. Qa4 {[%clk 00:09:14]} {[%emt 00:04:38]} Bd7
{[%clk 00:07:52]} {[%emt 00:01:02]} 31. Qa3 {[%clk 00:07:44]} {[%emt 00:02:00]}
Bc6 {[%clk 00:07:08]} {[%emt 00:01:14]} 32. Bb5 {[%clk 00:04:20]} {[%emt
00:03:54]} Ba8 {[%clk 00:06:34]} {[%emt 00:01:04]} 33. Qa6 {[%clk 00:02:57]}
{[%emt 00:01:54]} Qb7 {[%clk 00:05:34]} {[%emt 00:01:30]} 34. Qa4 {[%clk
00:03:18]} {[%emt 00:00:09]} a5 {[%clk 00:04:54]} {[%emt 00:01:09]} 35. Bd7
{[%clk 00:02:43]} {[%emt 00:01:06]} Kf7 {[%clk 00:04:52]} {[%emt 00:00:30]} 36.
Qb5 {[%clk 00:02:04]} {[%emt 00:01:10]} Qc7 {[%clk 00:02:52]} {[%emt 00:02:30]}
37. g3 {[%clk 00:01:28]} {[%emt 00:01:06]} Qd6 {[%clk 00:01:30]} {[%emt
00:01:53]} 38. Na4 {[%clk 00:01:05]} {[%emt 00:00:52]} Bc6 {[%clk 00:01:15]}
{[%emt 00:00:45]} 39. Bxc6 {[%clk 00:01:25]} {[%emt 00:00:10]} Qxc6 {[%clk
00:01:39]} {[%emt 00:00:07]} 40. Qxc6 {[%clk 00:01:04]} {[%emt 00:00:49]} Nxc6
{[%clk 00:02:08]} {[%emt 00:00:01]} 41. Nxb6 {[%clk 00:01:14]} {[%emt
00:00:20]} Ke6 {[%clk 00:02:07]} {[%emt 00:00:31]} 42. Kf1 {[%clk 00:30:13]}
{[%emt 00:01:30]} Nb4 {[%clk 00:32:12]} {[%emt 00:00:26]} 43. Ke2 {[%clk
00:30:27]} {[%emt 00:00:16]} f5 {[%clk 00:32:12]} {[%emt 00:00:30]} 44. Na4
{[%clk 00:30:18]} {[%emt 00:00:39]} g5 {[%clk 00:30:55]} {[%emt 00:01:47]} 45.
Nc5+ {[%clk 00:28:22]} {[%emt 00:02:26]} Ke7 {[%clk 00:30:51]} {[%emt
00:00:34]} 46. Nb7 {[%clk 00:25:24]} {[%emt 00:03:28]} Nc6 {[%clk 00:31:11]}
{[%emt 00:00:09]} 47. Kd3 {[%clk 00:24:49]} {[%emt 00:01:06]} h5 {[%clk
00:30:50]} {[%emt 00:00:52]} 48. Kc3 {[%clk 00:23:28]} {[%emt 00:01:50]} Ke6
{[%clk 00:31:02]} {[%emt 00:00:17]} 49. Nc5+ {[%clk 00:23:19]} {[%emt
00:00:40]} Kf6 {[%clk 00:31:03]} {[%emt 00:00:28]} 50. Nd3 {[%clk 00:22:19]}
{[%emt 00:01:31]} Ke6 {[%clk 00:27:37]} {[%emt 00:03:57]} 51. h4 {[%clk
00:18:32]} {[%emt 00:04:16]} 1-0

[Event "DVM U20 2023"]
[Site "Magdeburg GER"]
[Date "2023.12.28"]
[Round "4"]
[White "Ehrig, Leon Chris"]
[Black "Trinh, Fabian Dat"]
[Result "1-0"]
[Termination "normal"]
[Board "6.2"]
[WhiteElo "2051"]
[BlackElo "1875"]
[WhiteClock "00:18:21"]
[BlackClock "00:01:48"]
[WhiteTeam "USG Chemnitz"]
[BlackTeam "SV Hemer 1932"]
[PlyCount "61"]
[WhiteFideId "16244796"]
[BlackFideId "16243641"]
[EventCountry "GER"]
[EventRounds "7"]
[EventType "team-swiss"]
[EventDate "2023.12.26"]

1. e4 {[%clk 01:30:57]} {[%emt 00:00:02]} e5 {[%clk 01:30:53]} {[%emt
00:00:06]} 2. Nf3 {[%clk 01:31:24]} {[%emt 00:00:04]} Nc6 {[%clk 01:31:19]}
{[%emt 00:00:05]} 3. Bc4 {[%clk 01:31:51]} {[%emt 00:00:02]} Bc5 {[%clk
01:31:29]} {[%emt 00:00:20]} 4. d3 {[%clk 01:32:12]} {[%emt 00:00:10]} Nf6
{[%clk 01:31:24]} {[%emt 00:00:33]} 5. c3 {[%clk 01:32:29]} {[%emt 00:00:13]}
O-O {[%clk 01:31:14]} {[%emt 00:00:40]} 6. O-O {[%clk 01:32:44]} {[%emt
00:00:15]} d5 {[%clk 01:30:45]} {[%emt 00:00:59]} 7. exd5 {[%clk 01:30:00]}
{[%emt 00:03:14]} Nxd5 {[%clk 01:30:57]} {[%emt 00:00:17]} 8. Re1 {[%clk
01:21:50]} {[%emt 00:08:41]} Bg4 {[%clk 01:31:21]} {[%emt 00:00:06]} 9. Bb3
{[%clk 01:19:59]} {[%emt 00:02:21]} Nb6 {[%clk 01:25:49]} {[%emt 00:06:01]} 10.
Bc2 {[%clk 01:19:32]} {[%emt 00:00:58]} f5 {[%clk 01:21:56]} {[%emt 00:04:23]}
11. Nbd2 {[%clk 01:16:38]} {[%emt 00:03:24]} a5 {[%clk 01:20:37]} {[%emt
00:01:49]} 12. Nf1 {[%clk 01:14:26]} {[%emt 00:02:43]} Qf6 {[%clk 01:11:46]}
{[%emt 00:09:19]} 13. h3 {[%clk 01:09:53]} {[%emt 00:05:04]} Bxf3 {[%clk
01:08:58]} {[%emt 00:03:18]} 14. Qxf3 {[%clk 01:10:18]} {[%emt 00:00:04]} Kh8
{[%clk 01:06:54]} {[%emt 00:02:35]} 15. Ne3 {[%clk 01:05:10]} {[%emt 00:05:37]}
Rad8 {[%clk 00:54:38]} {[%emt 00:12:47]} 16. a3 {[%clk 00:59:55]} {[%emt
00:05:45]} a4 {[%clk 00:43:32]} {[%emt 00:11:35]} 17. Re2 {[%clk 00:50:20]}
{[%emt 00:10:05]} Qg6 {[%clk 00:26:48]} {[%emt 00:17:16]} 18. Bd2 {[%clk
00:44:26]} {[%emt 00:06:24]} e4 {[%clk 00:14:21]} {[%emt 00:12:57]} 19. dxe4
{[%clk 00:42:36]} {[%emt 00:02:19]} f4 {[%clk 00:14:42]} {[%emt 00:00:10]} 20.
Nf5 {[%clk 00:33:12]} {[%emt 00:09:54]} Qf6 {[%clk 00:04:04]} {[%emt 00:11:08]}
21. Bxf4 {[%clk 00:20:49]} {[%emt 00:12:52]} g6 {[%clk 00:04:18]} {[%emt
00:00:16]} 22. e5 {[%clk 00:20:51]} {[%emt 00:00:28]} Qe6 {[%clk 00:04:19]}
{[%emt 00:00:29]} 23. Nh4 {[%clk 00:19:57]} {[%emt 00:01:25]} Rd7 {[%clk
00:00:49]} {[%emt 00:04:00]} 24. Qg3 {[%clk 00:19:22]} {[%emt 00:01:05]} Nd5
{[%clk 00:00:56]} {[%emt 00:00:22]} 25. Bh6 {[%clk 00:18:38]} {[%emt 00:01:14]}
Re8 {[%clk 00:00:40]} {[%emt 00:00:46]} 26. Rae1 {[%clk 00:18:16]} {[%emt
00:00:53]} b5 {[%clk 00:00:47]} {[%emt 00:00:22]} 27. Nf3 {[%clk 00:18:20]}
{[%emt 00:00:26]} Na5 {[%clk 00:00:53]} {[%emt 00:00:23]} 28. Ng5 {[%clk
00:18:27]} {[%emt 00:00:24]} Qe7 {[%clk 00:01:02]} {[%emt 00:00:21]} 29. e6
{[%clk 00:18:29]} {[%emt 00:00:28]} Rd6 {[%clk 00:01:21]} {[%emt 00:00:10]} 30.
Nf7+ {[%clk 00:18:27]} {[%emt 00:00:33]} Kg8 {[%clk 00:01:48]} {[%emt
00:00:03]} 31. Bxg6 {[%clk 00:18:21]} {[%emt 00:00:36]} 1-0

[Event "DVM U20 2023"]
[Site "Magdeburg GER"]
[Date "2023.12.28"]
[Round "4"]
[White "Dartmann Aubanell, Catriona"]
[Black "Friedland, Manfred"]
[Result "1/2-1/2"]
[Termination "normal"]
[Board "6.3"]
[WhiteElo "1856"]
[BlackElo "1770"]
[WhiteClock "00:17:57"]
[BlackClock "00:13:05"]
[WhiteTeam "SV Hemer 1932"]
[BlackTeam "USG Chemnitz"]
[PlyCount "91"]
[WhiteFideId "24585270"]
[BlackFideId "16240251"]
[EventCountry "GER"]
[EventRounds "7"]
[EventType "team-swiss"]
[EventDate "2023.12.26"]

1. e4 {[%clk 01:30:57]} {[%emt 00:00:03]} c5 {[%clk 01:30:55]} {[%emt
00:00:05]} 2. Nf3 {[%clk 01:31:23]} {[%emt 00:00:05]} d6 {[%clk 01:31:13]}
{[%emt 00:00:11]} 3. Bb5+ {[%clk 01:31:48]} {[%emt 00:00:05]} Nd7 {[%clk
01:30:45]} {[%emt 00:00:59]} 4. O-O {[%clk 01:31:47]} {[%emt 00:00:30]} a6
{[%clk 01:29:50]} {[%emt 00:01:25]} 5. Bd3 {[%clk 01:32:01]} {[%emt 00:00:17]}
Ngf6 {[%clk 01:29:37]} {[%emt 00:00:42]} 6. Re1 {[%clk 01:32:13]} {[%emt
00:00:18]} g6 {[%clk 01:28:58]} {[%emt 00:01:09]} 7. c3 {[%clk 01:32:03]}
{[%emt 00:00:41]} Bg7 {[%clk 01:28:55]} {[%emt 00:00:33]} 8. Bc2 {[%clk
01:31:31]} {[%emt 00:01:01]} Ne5 {[%clk 01:29:05]} {[%emt 00:00:21]} 9. h3
{[%clk 01:24:31]} {[%emt 00:07:30]} Nxf3+ {[%clk 01:24:27]} {[%emt 00:05:07]}
10. Qxf3 {[%clk 01:24:39]} {[%emt 00:00:22]} Nd7 {[%clk 01:24:18]} {[%emt
00:00:39]} 11. a4 {[%clk 01:16:42]} {[%emt 00:08:28]} O-O {[%clk 01:22:55]}
{[%emt 00:01:53]} 12. d3 {[%clk 01:11:41]} {[%emt 00:05:30]} Ne5 {[%clk
01:20:36]} {[%emt 00:02:49]} 13. Qd1 {[%clk 01:09:24]} {[%emt 00:02:49]} Nc6
{[%clk 01:20:30]} {[%emt 00:00:35]} 14. Nd2 {[%clk 01:08:50]} {[%emt 00:01:03]}
e5 {[%clk 01:19:05]} {[%emt 00:01:54]} 15. Nf3 {[%clk 01:05:55]} {[%emt
00:03:25]} f5 {[%clk 01:09:47]} {[%emt 00:09:49]} 16. Bb3+ {[%clk 00:46:44]}
{[%emt 00:19:41]} Kh8 {[%clk 01:10:01]} {[%emt 00:00:14]} 17. Bd5 {[%clk
00:46:51]} {[%emt 00:00:24]} fxe4 {[%clk 00:54:32]} {[%emt 00:15:59]} 18. dxe4
{[%clk 00:46:44]} {[%emt 00:00:36]} h6 {[%clk 00:51:05]} {[%emt 00:03:56]} 19.
Be3 {[%clk 00:43:34]} {[%emt 00:03:41]} Qf6 {[%clk 00:42:04]} {[%emt 00:09:32]}
20. Nh2 {[%clk 00:39:16]} {[%emt 00:04:48]} Ne7 {[%clk 00:35:14]} {[%emt
00:07:20]} 21. Bc4 {[%clk 00:36:24]} {[%emt 00:03:22]} Be6 {[%clk 00:21:14]}
{[%emt 00:14:30]} 22. Bxe6 {[%clk 00:32:46]} {[%emt 00:04:08]} Qxe6 {[%clk
00:21:36]} {[%emt 00:00:08]} 23. Qd2 {[%clk 00:32:21]} {[%emt 00:00:55]} Kh7
{[%clk 00:21:25]} {[%emt 00:00:40]} 24. Ng4 {[%clk 00:31:48]} {[%emt 00:01:04]}
h5 {[%clk 00:19:50]} {[%emt 00:02:05]} 25. Nh2 {[%clk 00:31:20]} {[%emt
00:00:58]} Rad8 {[%clk 00:16:05]} {[%emt 00:04:16]} 26. Bg5 {[%clk 00:28:01]}
{[%emt 00:03:48]} Rd7 {[%clk 00:14:13]} {[%emt 00:02:21]} 27. Rad1 {[%clk
00:26:08]} {[%emt 00:02:24]} Ng8 {[%clk 00:13:43]} {[%emt 00:01:01]} 28. Qd5
{[%clk 00:22:56]} {[%emt 00:03:41]} Qxd5 {[%clk 00:13:35]} {[%emt 00:00:38]}
29. Rxd5 {[%clk 00:23:23]} {[%emt 00:00:03]} Nf6 {[%clk 00:13:46]} {[%emt
00:00:20]} 30. Bxf6 {[%clk 00:23:47]} {[%emt 00:00:06]} Bxf6 {[%clk 00:12:55]}
{[%emt 00:01:20]} 31. Red1 {[%clk 00:23:27]} {[%emt 00:00:51]} Rfd8 {[%clk
00:13:04]} {[%emt 00:00:21]} 32. a5 {[%clk 00:22:22]} {[%emt 00:01:35]} Kg7
{[%clk 00:13:04]} {[%emt 00:00:30]} 33. Nf3 {[%clk 00:22:05]} {[%emt 00:00:48]}
Kf7 {[%clk 00:12:33]} {[%emt 00:01:01]} 34. Nd2 {[%clk 00:21:34]} {[%emt
00:01:01]} Ke6 {[%clk 00:12:19]} {[%emt 00:00:44]} 35. Nc4 {[%clk 00:21:28]}
{[%emt 00:00:36]} Be7 {[%clk 00:11:34]} {[%emt 00:01:13]} 36. g3 {[%clk
00:14:14]} {[%emt 00:07:44]} g5 {[%clk 00:10:28]} {[%emt 00:01:37]} 37. Kg2
{[%clk 00:12:00]} {[%emt 00:02:43]} Bf6 {[%clk 00:10:01]} {[%emt 00:00:57]} 38.
Ne3 {[%clk 00:08:52]} {[%emt 00:03:38]} Be7 {[%clk 00:08:12]} {[%emt 00:02:19]}
39. Nf5 {[%clk 00:08:43]} {[%emt 00:00:40]} Bf6 {[%clk 00:08:26]} {[%emt
00:00:15]} 40. h4 {[%clk 00:06:48]} {[%emt 00:02:26]} gxh4 {[%clk 00:05:09]}
{[%emt 00:03:46]} 41. gxh4 {[%clk 00:05:23]} {[%emt 00:01:54]} Be7 {[%clk
00:24:49]} {[%emt 00:10:50]} 42. Kh3 {[%clk 00:29:45]} {[%emt 00:06:09]} Rg8
{[%clk 00:22:46]} {[%emt 00:02:33]} 43. f3 {[%clk 00:26:10]} {[%emt 00:04:06]}
Rg6 {[%clk 00:20:27]} {[%emt 00:02:49]} 44. Ng3 {[%clk 00:19:35]} {[%emt
00:07:06]} Rd8 {[%clk 00:20:05]} {[%emt 00:00:51]} 45. Nf5 {[%clk 00:18:55]}
{[%emt 00:01:10]} Kf7 {[%clk 00:13:05]} {[%emt 00:07:30]} 46. R5d2 {[%clk
00:17:57]} {[%emt 00:01:27]} 1/2-1/2